The Eras Tour Surprise Songs 2024 - Statistics

General Stats
  • This quiz has been taken 153 times
    3 since last reset
  • The average score is 84 of 166
Answer Stats
Hint Answer % Correct
New Orleans N3 Afterglow x Dress
100%
Vancouver N3 A place in this world x New Romantics
100%
Indianpolis N1 Cold as you x Exile
100%
Singapore N5 False god x Sl!t
100%
Melbourne N2 Getaway car x August x The Other Side of the Door
100%
Edinburgh N2 Getaway car x The bolter
100%
Sydney N3 Haunted Exile
100%
Edinburgh N3 Haunted x Exile
100%
Stockholm N3 How you get the girl x Message in a bottle x New Romantics
100%
Vancouver N3 Long live x New years day x The manuscript
100%
Sydney N2 New years day x Peace
100%
New Orleans N1 Our Songs x Call it what you want
100%
Gelsenkirchen N1 Sl!t x False god
100%
Singapore N5 Sparks fly x Gold rush
100%
Warsaw N1 Suburban Legends x New years day
100%
London N1 The black dog x Come back…be here x Maroon
100%
New Orleans N1 The black dog x haunted
100%
Edinburgh N1 Tis the damn season x Daylight
100%
Toronto N3 Us x Out of the woods
100%
Edinburgh N2 All of the girls you loved before x Crazier
67%
Toronto N5 Cassandra x Mad woman x I did something bad
67%
Singapore N2 Clean x Evermore
67%
Stockholm N2 Clean x Say dont go x Welcome to new york
67%
Melbourne N3 Come back…be here x Daylight
67%
Lisbon N1 Come back…be here x The other side of the door x The way I loved you
67%
Liverpool N1 Cornelia street x Maroon
67%
London N8 Death by a thousand cuts x Getaway car
67%
Toronto N2 Evermore x Peter
67%
Toronto N1 False god x Tis the damn season
67%
Sydney N4 Forever and always x Maroon
67%
Milan N2 Getaway car x Out of the woods
67%
Vancouver N1 Haunted x Wonderland
67%
Madrid N1 I can fix him x Sparks fly
67%
Liverpool N1 I can see you x Mine
67%
London N6 I Did Something Bad
67%
Singapore N1 I dont wanna live forever x Dress
67%
Toronto N2 I don't wanna live forever x Mine
67%
Edinburgh N1 I know places x Would’ve Could’ve Should’ve
67%
Madrid N1 I look in peoples windows x Snow on the beach
67%
Vancouver N2 I love you I'm sorry x Last Kiss
67%
Amsterdam N2 Imgonnagetyouback x Dress
67%
Gelsenkirchen N3 It’s time to go x Better man
67%
Munich N1 Ivy x Call it what you want
67%
Madrid N2 Jump than fall x Our song
67%
Zurich N1 Last Kiss x Sad beautiful tragic
67%
Munich N2 Loml x Dont you
67%
Miami N2 Loml x White Horse
67%
London N7 Long Live x Change
67%
Singapore N2 Long Story Short x The story of us
67%
Paris N3 Maroon
67%
Indianpolis N2 Maroon x Cowboy like me
67%
Amsterdam N3 Mary’s song x So high school x Everything has changed
67%
Singapore N1 Mine x Starlight
67%
London N6 My Boy Only Breaks His Favourite Toys x Coney Island
67%
Vancouver N1 Never grow up x The best day
67%
Hamburg N2 Nothing new x Dear reader
67%
Lisbon N2 Now that we don’t talk x The tortured poets department
67%
Toronto N5 Ours x The last great American dynasty
67%
Stockholm N1 Peter
67%
Warsaw N2 Red x Maroon
67%
Liverpool N3 Red x The manuscript
67%
Zurich N2 Robin x Never grow up
67%
Miami N2 Should've Said No x I did something bad
67%
Sydney N2 Should’ve said no x You’re not Sorry
67%
Toronto N6 Sparks Fly x Message in a bottle
67%
Gelsenkirchen N2 Speak now x Hey Stephen
67%
Toronto N4 State of grace x Labyrinth
67%
Dublin N1 State of Grace x You’re on your own kid
67%
Gelsenkirchen N1 Superstar x Invisible string
67%
Dublin N1 Sweet Nothing x Hoax
67%
Milan N1 The 1 X Wonderland
67%
Dublin N2 The albatross x Dancing with our hands tied
67%
Indianapolis N1 The albatross x Holy Ground
67%
Paris N4 The Alchemy x Treacherous
67%
Warsaw N3 The black dog x Exile
67%
Vancouver N2 The tortured poets department x Maroon
67%
Melbourne N2 This is me Trying
67%
Miami N1 This is me trying x Daylight
67%
Gelsenkirchen N2 This is me trying x Labyrinth
67%
Liverpool N2 This is what you came for x Gold rush
67%
Singapore N3 This love x Call it what you want
67%
Dublin N2 This Love x Ours
67%
Singapore N6 Tim McGraw x Cowboy like me
67%
Miami N1 Tim Mcgraw x Timeless
67%
Warsaw N3 Today was a fairytale x I think he knows
67%
Sydney N4 Would’ve Could’ve Should’ve x Ivy
67%
Paris N4 Begin again x Paris
33%
London N2 Castles crumbling
33%
Tokyo N4 Come in with the Rain
33%
Indianapolis N3 Cornelia Street x The Bolter
33%
London N5 Dear John x Sad Beautiful Tragic
33%
Tokyo N1 Dear Reader
33%
Singapore N4 Death by a thousand cuts x Babe
33%
Indianapolis N3 Death by a thousand cuts x The great war
33%
New Orleans N2 Espresso x Is It over now? x Please please please
33%
Lyon N1 | Singapore N4 Fifteen x Youre on your own kid
33%
Singapore N3 Foolish One x Tell me why
33%
Lisbon N1 Fresh out the slammer x High infidelity
33%
Munich N1 Fresh out the slammer x You are in love
33%
Stockholm N2 Guilty as sin
33%
Amsterdam N1 Guilty as sin x Untouchable
33%
Paris N3 Hey Stephen
33%
London N1 Hits different x Death by a thousand cuts
33%
New Orleans N2 Hits different x Welcome to New York
33%
Tokyo N1 Holy Ground
33%
Stockholm N3 How did it end
33%
Sydney N1 How you get the girl
33%
New Orleans N3 How you get the girl x Clean
33%
Milan N1 I almost do x The moment I knew
33%
Warsaw N2 I can fix him (no really I can) x I can see you
33%
Munich N2 I dont wanna live forever x imgonnagetyouback
33%
Cardiff N1 I forgot that you existed x This is why we can’t have nice things
33%
Sydney N3 Is it over now x I wish you would
33%
Paris N2 Is it over now x Out of the woods
33%
London N4 King of my heart x The alchemy
33%
Paris N1 Loml
33%
London N5 London Boy
33%
Lisbon N2 Long live x Youre on your own kid
33%
Warsaw N1 Mirrorball x Clara Bow
33%
Miami N3 Mirrorball x Guilty as sin
33%
Toronto N4 Mr perfectly fine x Better than revenge
33%
Milan N2 Mr perfectly fine x Red
33%
Paris N2 My boy only breaks his favorite toys
33%
Toronto N1 My boy only breaks his favourite toys x This is why we can't have nice things
33%
Miami N3 Out of the woods x All you had to do was stay
33%
London N3 Out of the woods x Is it over now x Clean
33%
Gelsenkirchen N3 Paper rings x Stay stay stay
33%
Melbourne N1 Red
33%
Zurich N1 Right where you left me x All you had to do was stay
33%
London N8 So long London
33%
Tokyo N3 Superman
33%
Amsterdam N3 Sweeter than Fiction x Holy Ground
33%
Melbourne N3 Teardrops on my guitar
33%
Hamburg N1 Teardrops on my guitar x The last time
33%
Amsterdam N1 The Archer x Question…?
33%
London N7 The Archer x You're on your own kid
33%
Hamburg N2 The last great american dynasty x Run
33%
Lyon N1 The prophecy x Long story short
33%
Indianapolis N2 The Prophecy x This Love
33%
London N3 Us
33%
Hamburg N1 We were happy x Happiness
33%
Sydney N1 White Horse x Coney Island
33%
Amsterdam N2 You are in love x Cowboy like me
33%
Toronto N6 You're losing me x How did it end
33%
Tokyo N4 You're on your own Kid
33%
Dublin N3 Youre on your own kid
33%
Toronto N3 You're on your own kid x Long story short
33%
Liverpool N3 Carolina x No body no crime
0%
Lyon N2 Chloe or Sam or Sophia or Marcus
0%
Dublin N3 Clara bow x The Lucky one
0%
Zurich N2 Closure x A perfectly good heart
0%
Tokyo N2 Electric Touch
0%
London N4 Everything has changed x End game x Thinking out loud
0%
Lyon N2 Everything has changed x Glitch
0%
Tokyo N2 Eyes Open
0%
Stockholm N1 Gorgeous x I think he knows
0%
Cardiff N1 I hate it here x The lakes
0%
Edinburgh N3 It’s nice to have a friend x Dorothea
0%
Madrid N2 King of my heart
0%
Singapore N6 Mirrorball x Epiphany
0%
Paris N1 Paris
0%
London N2 Thank you Aimee x Mean
0%
Liverpool N2 The great war x Youre losing me
0%
Tokyo N3 The Outside
0%
Melbourne N1 You're Losing Me
0%
No matching quizzes found
Score Distribution
Percent of People with Each Score
Percentile by Number Answered
Your Score History
You have not taken this quiz since the last reset